ZŤS Martin - ŠKB Dubnica 14:6 1. liga boxerov - 7. kolo

Bibliographic Details
Main Author: (pr) (Author)
Format: Article
Language:Slovak
Subjects:

MARC

LEADER 00000nab a2200000 a 4500
001 vtls000560820
003 SK-MaSNL
005 20260303015319.0
008 120929c1995 xo 0 slo
015 |a SNBRB19rr/mm-uuuuu 
035 |a CL0560958 
040 |a SNKBUCL  |b slo  |c SNKBUCL  |e AACR2 
041 0 |a slo 
044 |a xo  |c SK 
080 |a 796.83.093.1  |2 1981 
100 1 |a (pr)  |4 aut  |9 842948 
245 1 0 |a ZŤS Martin - ŠKB Dubnica 14:6  |b 1. liga boxerov - 7. kolo  |c (pr) 
650 0 7 |a box  |2 snkbucl  |9 3272 
655 7 |a články z novín a časopisov  |2 snkbucl  |9 267496 
773 0 |t Šport  |g Roč. 49, č. 233 (9. 10. 1995), s. 22 
850 |a Slovenská národná knižnica v Martine  |a MTA001 
852 |a SNK  |b KIS3GCP 
958 |a RK 
992 |a RBX 
999 |c 1612084  |d 1614014